Normal view
MARC view
Entry Término temático
001 - NÚMERO DE CONTROL
- campo de control: 88382
003 - IDENTIFICADOR DEL NÚMERO DE CONTROL
- campo de control: DO-SdBNP
005 - FECHA Y HORA DE LA ÚLTIMA TRANSACCIÓN
- campo de control: 20250717113107.0
008 - DATOS DE LONGITUD FIJA
- campo de control de longitud fija: 250717|| aca||aabn | a|a d
040 ## - FUENTE DE LA CATALOGACIÓN
- Centro catalogador/agencia de origen: DO-SdBNP
- Centro/agencia transcriptor: DO-SdBNP
150 ## - ENCABEZAMIENTO--TÉRMINO DE MATERIA
- Término de materia o nombre geográfico como elemento de entrada: Escolas públicas
- Subdivisión geográfica: República Dominicana
- Subdivisión geográfica: Consuelo (San Pedro de Macorís)
- Subdivisión general: Historia
670 ## - FUENTE DE DATOS ENCONTRADOS
- Cita de la fuente: Work cat.: (DO-SdBNP)48032: Elmúdesi Espaillat, Leonor autor aut. 76009, El milagro de Consuelo :
